| 000 | 01494nam a2200481 i 4500 | ||
|---|---|---|---|
| 001 | 37299 | ||
| 003 | KOSZ 005 | ||
| 005 | 20220722134931.0 | ||
| 008 | 000704s2000 pl a |000 0 pol | ||
| 015 | _aUWD 2000/12149 | ||
| 020 | _a8372790248 | ||
| 035 | _a991014219399705066 | ||
| 035 | _a(PL-WaBN)b13820205-48omnis_nlop | ||
| 035 | _ab13820205 | ||
| 035 | _a(OCoLC)749623668 | ||
| 035 | _azz2006822210 | ||
| 035 | _a(PL)b0000001382020 | ||
| 035 | _a(EXLNZ-48OMNIS_NETWORK)9910275735405606 | ||
| 040 |
_aWA N _cWA N _dKOSZ 005/HR |
||
| 041 | 0 | _apol | |
| 046 | _k2000 | ||
| 080 | _a004.42 | ||
| 080 | _a(076) | ||
| 100 | 1 |
_aSnarska, Agnieszka _eAutor |
|
| 245 | 1 | 0 |
_aĆwiczenia z makropoleceń w Excelu / _cAgnieszka Snarska. |
| 260 |
_aWarszawa : _b"Mikom", _c2000. |
||
| 300 |
_a200, [1] s. : _bil. ; _c24 cm + _edyskietka. |
||
| 336 |
_aTekst _btxt _2rdacontent |
||
| 337 |
_aBez urządzenia pośredniczącego _bn _2rdamedia |
||
| 338 |
_aWolumin _bnc _2rdacarrier |
||
| 380 | _aKsiążki | ||
| 388 | _a1901-2000 | ||
| 388 | _a1989-2000 | ||
| 504 | _aBibliogr. | ||
| 650 | 7 |
_aArkusz kalkulacyjny _2DBN |
|
| 650 | 7 |
_aExcel _2DBN |
|
| 655 | 7 |
_aĆwiczenia i zadania _2DBN |
|
| 658 | _aInformatyka i technologie informacyjne | ||
| 710 | 2 |
_aWydawnictwo Mikom _4pbl |
|
| 856 |
_uhttp://koha.tu.koszalin.pl/cgi-bin/koha/opac-detail.pl?biblionumber=37299 _yKatalog online BPK |
||
| 942 |
_2UKD _cKS |
||
| 999 |
_c37299 _d37299 |
||